Normal view
MARC view
- أحمد، كمال مظهر
Entry Personal Name
001 - CONTROL NUMBER
- control field: 12830
003 - CONTROL NUMBER IDENTIFIER
- control field: JO-AjAnu
005 - DATE AND TIME OF LATEST TRANSACTION
- control field: 20230606072345.0
008 - FIXED-LENGTH DATA ELEMENTS
- fixed length control field: 230606|| aca||aabn | a|a d
040 ## - CATALOGING SOURCE
- Original cataloging agency: JO-AjAnu
- Transcribing agency: JO-AjAnu
100 ## - HEADING--PERSONAL NAME
- Personal name: أحمد، كمال مظهر
670 ## - SOURCE DATA FOUND
- Source citation: Work cat.: (JO-AjAnu)6603: أحمد، كمال مظهر, author, صفحات من تاريخ العراق المعاصر: دراسات تحليلية